00709npc a2200181Ia 4500001001400000003001000014008004100024040002500065041000700090100001800097245015000115250001100265260006000276300001200336500014400348650002400492700001100516dp5/22-48883 IT-MiCISF161014s9999||||xx | und|| aIT-MiCISFcIT-MiCISF ait aCavallotto G. 0aUna grande famiglia e due case: chiesa e mondobCittadinanza ecclesiale, sociale e mondiale. Testo integrativo. Itinerario di catechesi 2008-2009 a1a ed. aCuneo e di FossanobDiocesi di Cuneo e di Fossanoc2008 app. 119 aAdamo A., Crudo S., Chittolina F., Filippi C., Numico S., Riccio M.F., Bernardini M. / pastorale-familiare, chiesa, società, catechesi /  apastorale-familiare aAA.VV.